000 00331nam a22001337a 4500
999 _c533938
_d533938
003 NUST
038 _awaseem
082 _a297
_bBHA
100 _aBhatti, Akhtar K.
_927993
245 _aThe Holy Quran on Environment /
_cAkhtar K. Bhatti
260 _aKarachi :
_bRoyal Book Company,
_c1995.
300 _a143 p.
942 _2ddc
_cBK